000 00387nam a22001577a 4500
003 macl
005 20150528133809.0
008 150528b xxu||||| |||| 00| 0 eng d
040 _cmacl
082 _a323/ROY
100 _aRoy,Sekhar Basu
_967
245 _aNew Approach Terrorism A Global Menace
260 _akolkata
_bSekhar basu Roy
_c2009
650 _aCrime
_968
942 _2ddc
_cBK
999 _c49747
_d49747